Off Campus Series Characters - Statistics

General Stats
  • This quiz has been taken 107 times
  • The average score is 15 of 25
Answer Stats
Hint Answer % Correct
The Deal Hannah Wells
100%
The Mistake John Logan
99%
The Score Dean Heyward-Di Laurentis
98%
The Score Allie Hayes
96%
The Deal Garrett Graham
96%
The Goal John Tucker
94%
The Mistake Grace Ivers
88%
Love Song Blake Logan
86%
The Goal Sabrina James
78%
The Graham Effect Gigi Graham
74%
The Chase Summer Heyward-Di Laurentis
71%
Love Song Wyatt Graham
66%
The Play Hunter Davenport
61%
The Risk Jake Connelly
60%
The Risk Brenna Jensen
50%
The Chase Colin Fitzgerald
48%
The Play Demi Davis
41%
The Charlie Method Charlie Kingston
40%
The Dixon Rule Diana Dixon
38%
The Graham Effect Luke Ryder
34%
The Dare Taylor Marsh
34%
The Dare Conor Edwards
31%
The Dixon Rule Shane Lindley
25%
The Charlie Method Will Larsen
21%
The Charlie Method Beckett Dunne
19%
No matching quizzes found
Score Distribution
Percent of People with Each Score
Percentile by Number Answered
Your Score History
You have not taken this quiz